| 000 -LEADER |
| fixed length control field |
01407 a2200265 4500 |
| 003 - CONTROL NUMBER IDENTIFIER |
| control field |
Nust |
| 005 - DATE AND TIME OF LATEST TRANSACTION |
| control field |
20220801122734.0 |
| 010 ## - LIBRARY OF CONGRESS CONTROL NUMBER |
| LC control number |
2004004944 |
| 020 ## - INTERNATIONAL STANDARD BOOK NUMBER |
| International Standard Book Number |
0470857595 (cloth : alk. paper) |
| 040 ## - CATALOGING SOURCE |
| Transcribing agency |
Nust |
| 082 00 - DEWEY DECIMAL CLASSIFICATION NUMBER |
| Classification number |
539.77,POL |
| 100 1# - MAIN ENTRY--PERSONAL NAME |
| Personal name |
Polushkin, Vladimir. |
| 9 (RLIN) |
55761 |
| 245 10 - TITLE STATEMENT |
| Title |
Nuclear electronics : |
| Remainder of title |
superconducting detectors and processing techniques / |
| Statement of responsibility, etc. |
Vladimir Polushkin. |
| 260 ## - PUBLICATION, DISTRIBUTION, ETC. |
| Place of publication, distribution, etc. |
Chichester, West Sussex, England ; |
| -- |
Hoboken, NJ : |
| Name of publisher, distributor, etc. |
J. Wiley & Sons, |
| Date of publication, distribution, etc. |
c2004. |
| 300 ## - PHYSICAL DESCRIPTION |
| Extent |
viii, 394 p. : |
| Other physical details |
ill. ; |
| Dimensions |
24 cm. |
| 505 ## - FORMATTED CONTENTS NOTE |
| Formatted contents note |
Detection Methods with Cryogenic Particle and Radiation Sensors (Page-1), Front end Rea-Out Electronic Circuits (Page-44), Energy Resolution (FWHM) of Superconducting Detectors (Page-129),Pulse Processing Electronics (Page-175), Applications of Systems Based on Superconducting Detectors (Page-233),Selected Topics of Analysis and Synthesis of Detector Systems (Page-278). |
| 650 #0 - SUBJECT ADDED ENTRY--TOPICAL TERM |
| Topical term or geographic name entry element |
Molecular electronics. |
| 9 (RLIN) |
55763 |
| 650 #0 - SUBJECT ADDED ENTRY--TOPICAL TERM |
| Topical term or geographic name entry element |
Nanotechnology. |
| 9 (RLIN) |
2826 |
| 650 #0 - SUBJECT ADDED ENTRY--TOPICAL TERM |
| Topical term or geographic name entry element |
Nuclear counters. |
| 9 (RLIN) |
55762 |
| 650 #0 - SUBJECT ADDED ENTRY--TOPICAL TERM |
| Topical term or geographic name entry element |
Superconductors. |
| 9 (RLIN) |
34710 |
| 856 42 - ELECTRONIC LOCATION AND ACCESS |
| Materials specified |
Contributor biographical information |
| Uniform Resource Identifier |
<a href="http://www.loc.gov/catdir/bios/wiley046/2004004944.html">http://www.loc.gov/catdir/bios/wiley046/2004004944.html</a> |
| 856 42 - ELECTRONIC LOCATION AND ACCESS |
| Materials specified |
Publisher description |
| Uniform Resource Identifier |
<a href="http://www.loc.gov/catdir/description/wiley041/2004004944.html">http://www.loc.gov/catdir/description/wiley041/2004004944.html</a> |
| 856 42 - ELECTRONIC LOCATION AND ACCESS |
| Materials specified |
Table of contents |
| Uniform Resource Identifier |
<a href="http://www.loc.gov/catdir/toc/wiley041/2004004944.html">http://www.loc.gov/catdir/toc/wiley041/2004004944.html</a> |
| 942 ## - ADDED ENTRY ELEMENTS (KOHA) |
| Koha item type |
Reference |
| Source of classification or shelving scheme |
|